| 000 | 02370cam a2200349 i 4500 | ||
|---|---|---|---|
| 999 |
_c8040 _d8040 |
||
| 001 | 18199653 | ||
| 003 | GBCCL | ||
| 005 | 20241126110642.0 | ||
| 008 | 140624t20142014miua b 001 0 eng | ||
| 010 | _a 2014024141 | ||
| 020 | _a9780801026638 (pbk.) | ||
| 040 |
_aDLC _beng _cDLC _erda _dDLC |
||
| 042 | _apcc | ||
| 050 | 0 | 0 |
_aBV2082.I57 _bM67 2014 |
| 082 | 0 | 0 |
_a266.0014 _223 _bMOR |
| 100 | 1 |
_aMoreau, A. Scott, _d1955- _93635 |
|
| 245 | 1 | 0 |
_aEffective intercultural communication : _ba Christian perspective / _cA. Scott Moreau, Evvy Hay Campbell, Susan Greener. |
| 264 | 1 |
_aGrand Rapids, Michigan : _bBaker Academic, a division of Baker Publishing Group, _c[2014] |
|
| 300 |
_avi, 405 pages : _billustrations ; _c23 cm. |
||
| 336 |
_atext _btxt _2rdacontent |
||
| 337 |
_aunmediated _bn _2rdamedia |
||
| 338 |
_avolume _bnc _2rdacarrier |
||
| 490 | 0 | _aEncountering mission | |
| 504 | _aIncludes bibliographical references (pages 359-395) and indexes. | ||
| 505 | 0 | _aPart 1: Introducing Intercultural Communication. What Is Intercultural Communication? -- The Story Line of Intercultural Communication -- Perspectives on Intercultural Communication -- Part 2: Foundations of intercultural communication patterns. Worldview and Intercultural Communication -- Verbal Intercultural Communication -- Societies and Social Institutions -- Networks, In-Groups, and Social Change -- Part 3: Patterns of Intercultural Communication. Nonverbal Intercultural Communication -- Contexting -- Polychronic and Monochronic Time -- Individualism and Collectivism -- Social Power in Intercultural Communication -- Gender Roles -- Honor and Justice -- Part 4: Developing Intercultural Expertise. Cultural Adaptation -- Intercultural Competence -- Intercultural Relationships -- Intercultural Evangelism -- Intercultural Discipleship -- Intercultural Church Planting -- Cross-Cultural Teaching and Learning -- Intercultural Ministry through Teams -- Conflict and Culture -- The Future of Intercultural Communications. | |
| 650 | 0 |
_aIntercultural communication _xReligious aspects _xChristianity. _91960 |
|
| 650 | 0 |
_aMissions. _9885 |
|
| 650 | 0 |
_aCommunication _xReligious aspects _xChristianity. _91427 |
|
| 906 |
_a7 _bcbc _corignew _d1 _eecip _f20 _gy-gencatlg |
||
| 942 |
_2ddc _cBK _014 |
||